[Event "2017JohnSchleinich"]
[Site "Calgary"]
[Date "2017.??.??"]
[Round "2.6"]
[White "Daniluk, Jim"]
[Black "Rogers, Dustin"]
[Result "0-1"]
[WhiteElo "1995"]
[BlackElo "1853"]
[PlyCount "66"]
[EventDate "2017.??.??"]
[SourceDate "2017.09.01"]

1. d4 Nf6 2. Nf3 e6 3. c4 b6 4. a3 Bb7 5. Qc2 Be7 6. Nbd2 d5 7. e3 Nbd7 8. b3
Rc8 9. Bd3 c5 10. Bb2 cxd4 11. exd4 h6 12. Qb1 O-O 13. O-O Rc7 14. Re1 (14. Rc1
Qa8 15. Bf1 Rfc8 16. Ne5 Nxe5 17. dxe5 Ne4 18. Nxe4 dxe4) 14... Qa8 15. Bf1
Rfc8 16. Ne5 Nxe5 17. dxe5 Ne4 18. Nxe4 dxe4 19. Bc1 Qb8 20. Be3 Bc5 21. b4
Bxe3 22. Rxe3 Rd7 23. Qb2 Rcd8 24. Qc3 Rd4 25. c5 bxc5 26. bxc5 Bc6 27. f4 exf3
28. gxf3 Qc7 29. Rc1 Qe7 30. Re2 Rd1 31. Rb2 Qh4 32. Kg2 g6 33. Rb4 R8d4 0-1

[Event "2017MOK"]
[Site "Calgary"]
[Date "2017.??.??"]
[Round "4.8"]
[White "Papneja, Arul"]
[Black "Samy, Mikesh"]
[Result "1-0"]
[WhiteElo "1637"]
[BlackElo "1068"]
[PlyCount "70"]
[EventDate "2017.??.??"]
[SourceDate "2017.09.01"]
[TimeControl "90+30"]

1. e4 c5 2. Nf3 d6 3. d4 cxd4 4. Nxd4 Nf6 5. Nc3 g6 6. Be3 Bg7 7. f3 O-O 8. Qd2
Bd7 9. O-O-O Nc6 10. g4 Rb8 11. h4 Nxd4 12. Bxd4 a5 13. h5 b5 14. h6 Bh8 15. g5
e5 16. Bxe5 dxe5 17. gxf6 Qxf6 18. Qxd7 Rfd8 19. Qg4 Rxd1+ 20. Nxd1 b4 21. Ne3
Qd8 22. Nd5 a4 23. Bc4 Rc8 (23... b3 24. axb3) 24. b3 axb3 25. cxb3 Ra8 26. Rd1
Kf8 27. Kb1 Qa5 28. Qg2 Bg7 29. hxg7+ Kxg7 30. Rd2 Qc5 (30... Qxd5) 31. Qg5 Ra3
32. Qf6+ Kf8 33. Qd8+ Kg7 34. Qf6+ Kf8 35. Ne3 Qxe3 1-0

[Event "InternationalQualifier"]
[Site "Calgary"]
[Date "2017.??.??"]
[Round "1.12"]
[White "Bin Shoeb, Mashad"]
[Black "Samy, Mikesh"]
[Result "1-0"]
[WhiteElo "1848"]
[BlackElo "1086"]
[PlyCount "25"]
[EventDate "2017.??.??"]
[SourceDate "2017.09.01"]

1. e4 c5 (1... e5) 2. c3 d5 3. exd5 Qxd5 4. d4 e6 5. Nf3 Nc6 6. Be3 Nf6 7. Bd3
c4 8. Be2 b5 9. O-O g6 10. Nbd2 Bg7 11. Qc2 O-O 12. h3 Bb7 13. b3 1-0

[Event "2017 Edmonton International Qualifier"]
[Site "?"]
[Date "2017.04.29"]
[Round "3"]
[White "Ludwig, David"]
[Black "Sasata, Robert"]
[Result "0-1"]
[WhiteElo "1853"]
[BlackElo "2341"]
[PlyCount "54"]
[SourceDate "2017.09.01"]

1. c4 Nf6 2. Nc3 e6 3. g3 d5 4. cxd5 exd5 5. d4 c5 6. Nf3 Nc6 7. Bg2 Be7 8. O-O
O-O {We've transposed to the mainline of the Queen's Gambit Declined -
Tarrasch. Normal here is Bg5 or cxd5, isolating black's pawn. Instead, white
opts for an unusual move which blocks in his bishop.} 9. e3 c4 10. b3 cxb3 11.
Qxb3 Na5 12. Qc2 Bd7 13. Ne5 Rc8 14. Bd2 Be6 15. a4 Ne4 16. Bxe4 $2 {
Attempting to win a pawn, but tactically faulty.} dxe4 17. Qxe4 Nb3 {Forking
the rook and the undefended bishop, which is in turn guarding the knight on c3.
White can't protect everything.} 18. Qc2 Nxd2 19. Qxd2 Bb4 {Better than taking
the exchange, which would only leave black up a small amount of material.} 20.
Rfc1 Qa5 21. Qd3 Bxc3 22. Rab1 Bb4 23. Nc4 Qxa4 24. d5 (24. Ra1 {If 24. Ra1,
attempting to dislodge the queen, 24. ...Bxc4 wins more material.}) 24... Rfd8
25. e4 a5 26. Qf3 Bd7 27. Ra1 $4 Qb5 {Much more entertaining is 27. ...Rxc4...
but 27. ...Qb5 is enough to make white resign, as he's down a full piece with
little compensation beyond the strong d-pawn. Meanwhile black has the bishop
pair and an extra piece and can start trading off some pieces soon.} (27...
Rxc4 28. Rxa4 Rxc1+ 29. Kg2 Bxa4) 0-1

[Event "2017 Edmonton International"]
[Site "?"]
[Date "2017.06.23"]
[Round "6"]
[White "Banerjee, Bitan"]
[Black "Sevillano, Enrico"]
[Result "0-1"]
[WhiteElo "2456"]
[BlackElo "2566"]
[PlyCount "74"]
[SourceDate "2017.09.01"]

1. d4 Nf6 2. c4 e6 3. Nc3 d5 4. cxd5 exd5 5. Bg5 c6 6. Qc2 Be7 7. e3 Be6 8. Bd3
Nbd7 9. h3 g6 10. Bh6 Bf8 11. Bxf8 Kxf8 12. Nge2 Kg7 13. f4 Re8 14. O-O Nf8 15.
f5 Bd7 16. Rf3 g5 17. Rg3 h6 18. Rf1 N8h7 19. h4 Qe7 20. hxg5 hxg5 21. Nf4 Kh8
22. Nh3 Nh5 23. f6 N7xf6 24. Rxf6 Nxg3 25. Qf2 Qxe3 26. Rxf7 Bxh3 27. gxh3 (27.
Rf8+ Rxf8 (27... Kg7 28. Rf7+ Kg8) 28. Qxe3) 27... Qxf2+ 28. Kxf2 Ne4+ 29. Bxe4
dxe4 30. Ke3 Re6 31. Rxb7 Rf8 32. Rxa7 Rf3+ 33. Ke2 Rxh3 34. d5 cxd5 35. Nxd5
e3 36. Re7 Rh2+ 37. Kd3 Rd2+ 0-1

[Event "2017 Edmonton International"]
[Site "?"]
[Date "2017.06.20"]
[Round "1"]
[White "Reeve, Jeff"]
[Black "Shabalov, Alex"]
[Result "0-1"]
[WhiteElo "2295"]
[BlackElo "2587"]
[PlyCount "80"]
[SourceDate "2017.09.01"]

1. e4 c5 2. Nf3 d6 3. d4 cxd4 4. Nxd4 Nf6 5. Nc3 g6 6. Be2 Bg7 7. O-O O-O 8.
Bg5 Nc6 9. Nb3 a6 10. f4 b5 11. Bf3 Bb7 12. Kh1 Nd7 13. Qd2 Nb6 14. Nd1 Nc4 15.
Qc1 Rc8 16. c3 Qb6 17. Bh4 Bh6 18. Bf2 Qc7 19. g3 f5 20. Qc2 e5 21. exf5 exf4
22. Qe4 Nd8 23. Qd3 Ne5 24. Bd5+ Kh8 (24... Qf7) 25. Qe4 gxf5 26. Qg2 Bxd5 27.
Qxd5 fxg3 28. Bxg3 f4 29. Bh4 Ne6 30. Nf2 Ng7 31. Nd4 Qd7 32. Ne4 Ng4 33. Qxd6
Qb7 34. Rae1 Rfe8 35. Nf3 Rxe4 36. h3 Rxe1 37. Bxe1 Nf5 38. Qe6 Nge3 39. Rf2
Bg7 40. Kh2 Ng3 0-1

[Event "2017 Edmonton International"]
[Site "?"]
[Date "2017.06.24"]
[Round "8"]
[White "Sohal, Tanraj"]
[Black "Shabalov, Alex"]
[Result "0-1"]
[WhiteElo "2386"]
[BlackElo "2585"]
[PlyCount "124"]
[SourceDate "2017.09.01"]

1. d4 d5 2. c4 dxc4 3. Nf3 a6 4. e3 e6 5. Bxc4 Nf6 6. O-O Nbd7 7. Nc3 c5 8. Bb3
b5 9. dxc5 Bxc5 10. Qe2 Bb7 11. Bc2 Rc8 12. e4 Qc7 13. Bg5 h6 14. Bh4 Nh5 15.
Kh1 b4 16. Na4 Ba7 17. Bb3 Qc6 18. Rac1 Qxc1 19. Rxc1 Rxc1+ 20. Ng1 Nhf6 (20...
g5 21. Bg3 Ndf6 22. Qd2 Nxg3+ 23. hxg3 Rf1) 21. Qd2 Rc8 22. Qxb4 Bxe4 23. Nc3
Bc5 24. Qc4 Bb7 25. Qe2 O-O 26. Nf3 Bb4 27. Bc4 a5 28. h3 Bxc3 29. bxc3 Ne4 30.
Bb3 Nxc3 31. Qd2 Nb6 32. Ne5 a4 33. Bc2 Nbd5 34. Qd3 f5 35. Ng6 Rf7 36. a3 Rfc7
37. Bg3 Ne4 38. Bxa4 Kh7 39. Ne5 Nf4 40. Qe3 Rc1+ 41. Kh2 Nh5 42. Bh4 R8c3 43.
Nd3 Rb1 44. Qd4 Rxa3 45. Bc2 Rf1 46. f3 Raa1 47. Ne1 Rc1 48. fxe4 Rfxe1 49.
Bxe1 Rxc2 50. Bd2 Bxe4 51. Kg1 Nf6 52. g4 Nd5 53. gxf5 Bxf5 54. h4 Ra2 55. Bc1
Re2 56. Bb2 Nf6 57. Qb6 Nh5 58. Ba3 Nf4 59. Qc7 Rg2+ 60. Kf1 Bd3+ 61. Ke1 Re2+
62. Kd1 Bc2+ 0-1

[Event "2017MOK"]
[Site "Calgary"]
[Date "2017.??.??"]
[Round "3.6"]
[White "Dave, Bhavik"]
[Black "Sharma, Vishruth"]
[Result "1-0"]
[WhiteElo "1834"]
[BlackElo "1608"]
[PlyCount "63"]
[EventDate "2017.??.??"]
[SourceDate "2017.09.01"]
[TimeControl "30+30"]

1. d4 Nf6 2. c4 g6 3. Nc3 Bg7 4. e4 d6 5. f4 O-O 6. Nf3 c5 7. d5 a6 8. Be2 e6
9. O-O exd5 10. exd5 Re8 11. Bd3 Nbd7 12. f5 Nf8 13. Qc2 Bd7 14. Bf4 Qc7 15. a4
Rab8 16. fxg6 hxg6 17. Ng5 Nh5 18. Nxf7 Nxf4 (18... Kxf7) 19. Rxf4 Re7 20. Bxg6
Be8 21. Raf1 b6 22. Bh5 Rb7 23. Nh6+ Bxh6 24. Rxf8+ Bxf8 25. Bxe8 Rxe8 26. Qg6+
Qg7 27. Qxe8 Re7 28. Qh5 Qd4+ 29. Kh1 Qxc4 30. Qg6+ Bg7 31. Qf5 Re8 32. Qf7+
1-0

[Event "2017JohnSclenich"]
[Site "Calgary"]
[Date "2017.??.??"]
[Round "2.7"]
[White "Dodd, Mark"]
[Black "Sharma, Vishruth"]
[Result "0-1"]
[WhiteElo "1686"]
[BlackElo "1541"]
[PlyCount "82"]
[EventDate "2017.??.??"]
[SourceDate "2017.09.01"]

1. d4 Nf6 2. c4 g6 3. Nc3 Bg7 4. e4 d6 5. h3 O-O 6. Bg5 c5 7. d5 Nbd7 8. Qd2
Re8 9. Bd3 Ne5 10. Nge2 Nxd3+ 11. Qxd3 h6 12. Be3 Kh7 13. Rb1 Nd7 14. f4 Qa5
15. O-O a6 16. Kh1 Rb8 17. Bd2 b5 18. Nxb5 Qxa2 19. Nbc3 Qb3 20. Nc1 Qb6 21. g4
Qd8 22. N1e2 a5 23. Nb5 Ba6 24. Bc3 Bxb5 25. cxb5 Qb6 (25... Rb6) 26. Bxg7 Kxg7
27. Nc3 Rec8 28. Rbe1 c4 29. Qf3 (29. Qg3) 29... Nc5 30. f5 Nd3 31. f6+ Kh7 32.
fxe7 Ne5 33. Qf6 Re8 34. h4 Rb7 35. h5 Rbxe7 36. g5 hxg5 37. h6 Kxh6 38. Re3
Qxe3 39. Qxd6 Qh3+ 40. Kg1 Qg4+ 41. Kf2 Nd3+ 0-1

[Event "2017MOK"]
[Site "Calgary"]
[Date "2017.??.??"]
[Round "3.6"]
[White "Dave, Bhavik"]
[Black "Sharma, Vishruth"]
[Result "1-0"]
[WhiteElo "1834"]
[BlackElo "1608"]
[PlyCount "37"]
[EventDate "2017.??.??"]
[SourceDate "2017.09.01"]
[TimeControl "90+30"]

1. d4 Nf6 2. c4 g6 3. Nc3 (3. Nf3 Bg7 4. e4 d6) 3... Bg7 4. e4 d6 5. f4 O-O 6.
Nf3 c5 (6... a5 7. d5 c6 8. Be2 e6 9. O-O exd5 10. cxd5 Re8 11. Bd3 Nbd7 12. f5
Nf8 13. Qc2 Bd7 14. Bf4 Qc7) 7. d5 a6 (7... e6 8. Be2) 8. Be2 e6 9. O-O exd5
10. exd5 Re8 11. Bd3 Nbd7 12. f5 Nf8 13. Bf4 Qc7 14. a4 Rb8 15. fxg6 hxg6 16.
Ng5 Nh5 17. Nxf7 Nxf4 18. Rxf4 Re7 19. Bxg6 1-0

[Event "2017 Canadian Open"]
[Site "?"]
[Date "2017.07.13"]
[Round "6"]
[White "Cherniaev, Alexander"]
[Black "Shi, Diwen"]
[Result "1-0"]
[WhiteElo "2426"]
[BlackElo "2293"]
[PlyCount "62"]
[SourceDate "2017.09.01"]

1. e4 c5 2. Nc3 Nc6 3. Bb5 Nd4 4. Bc4 g6 5. Nf3 Bg7 6. Nxd4 cxd4 7. Qf3 Nh6 (
7... Nf6 8. e5 dxc3) 8. Ne2 Qc7 9. d3 O-O 10. Nxd4 Ng4 11. Nb5 Qc5 12. Qxg4 d5
13. Qg5 Bf5 14. exf5 dxc4 15. f6 Qb4+ 16. c3 exf6 17. cxb4 fxg5 18. dxc4 Rfc8
19. c5 a5 20. Nd6 Rc7 21. Bxg5 Bxb2 22. Rb1 Bc3+ 23. Ke2 axb4 24. Be3 Rxa2+ 25.
Kf3 Rd7 26. Ne4 f5 27. Nxc3 bxc3 28. Rhc1 c2 29. Rb3 Rd1 30. Ke2 (30. Rxb7 Rxc1
31. Bxc1 Ra1 32. c6 Rxc1 33. c7 Rb1) 30... h5 31. Rxc2 Rxc2+ 1-0

[Event "2017MOK"]
[Site "Calgary"]
[Date "2017.??.??"]
[Round "4.7"]
[White "Zhao, Ian"]
[Black "Sklenka, Steve"]
[Result "1-0"]
[WhiteElo "1859"]
[BlackElo "1637"]
[PlyCount "79"]
[EventDate "2017.??.??"]
[SourceDate "2017.09.01"]
[TimeControl "90+30"]

1. e4 e5 2. Nf3 Nf6 3. Nxe5 d6 4. Nf3 Nxe4 5. d4 d5 6. Bd3 Be7 7. O-O O-O 8.
Re1 Bf5 9. c3 Re8 10. Qc2 Bd6 11. Be3 Bg6 12. Nbd2 Nxd2 13. Bxd2 Bxd3 14. Qxd3
f6 15. Qb5 Rxe1+ 16. Rxe1 Kf8 17. Qxb7 Nd7 18. Qxd5 Rb8 19. b3 Nb6 20. Qf5 (20.
Qg5) 20... Kg8 21. c4 Bf8 22. d5 Bc5 23. Bc3 Nd7 24. Kf1 Nf8 25. Qe4 Ng6 26.
Nd4 Bxd4 27. Bxd4 a6 28. f4 Qd6 29. g3 Rd8 30. Qe3 f5 31. Bc5 Qd7 32. Qe6+ Qxe6
33. Rxe6 a5 34. Ke2 Kf7 35. Kd2 h5 36. h4 Nf8 37. Bxf8 Kxf8 38. Ra6 (38. Rg6 a4
) 38... a4 39. Rxa4 c6 40. Ra5 1-0

[Event "2017MOK"]
[Site "Calgary"]
[Date "2017.??.??"]
[Round "2.9"]
[White "Khoshooei, Milad"]
[Black "Sklenka, Steve"]
[Result "0-1"]
[WhiteElo "1304"]
[BlackElo "1637"]
[PlyCount "58"]
[EventDate "2017.??.??"]
[SourceDate "2017.09.01"]
[TimeControl "90+30"]

1. e4 e5 (1... c5 2. Nf3 Nf6 3. Nc3 Nc6 4. Bc4 Nxe4 5. Nxe4 d5 6. Bxd5 Qxd5 7.
d3 Bf5 8. O-O O-O-O 9. h3) 2. Nf3 Nf6 3. Nc3 Nc6 4. Bc4 Nxe4 5. Nxe4 d5 6. Bxd5
Qxd5 7. d3 Bc5 8. O-O O-O 9. h3 Bb6 10. Nfg5 f6 11. Nc3 Qd8 12. Nge4 a6 13. Be3
Nd4 14. Ne2 f5 15. Bxd4 exd4 16. Nd2 c5 17. f4 Qd5 18. Ng3 Bd7 19. Qh5 Be8 20.
Qe2 Bc6 21. Rf2 Rae8 22. Qh5 Re3 23. Kh2 Bc7 24. Nc4 Re6 25. Qf3 Qd8 26. Qd1
Qd5 27. Qf3 Qd8 28. Qd1 Qh4 29. Qh5 Qf6 0-1

[Event "2017MOK"]
[Site "Calgary"]
[Date "2017.??.??"]
[Round "3.7"]
[White "Wang, Paul"]
[Black "Timmerman, Brian"]
[Result "0-1"]
[WhiteElo "1296"]
[BlackElo "1754"]
[PlyCount "50"]
[EventDate "2017.??.??"]
[SourceDate "2017.09.01"]
[TimeControl "90+30"]

1. e4 c5 2. Nf3 e6 3. Nc3 Nc6 4. d4 cxd4 5. Nxd4 Qc7 6. Be3 a6 7. Be2 b5 8. Qd2
Bb7 9. O-O Nf6 10. Nxc6 Bxc6 11. Bf4 d6 12. f3 Be7 13. Rad1 Rd8 14. a3 O-O 15.
Qe3 Nd7 16. Rd2 Ne5 17. Rfd1 Bb7 18. Bg5 h6 19. f4 Nc4 20. Bxc4 Qxc4 21. f5 e5
22. Qd3 Rc8 23. Nd5 Bxd5 24. Qxd5 Qxd5 25. exd5 Bxg5 0-1

[Event "2017MOk"]
[Site "Calgary"]
[Date "2017.??.??"]
[Round "4.9"]
[White "Darvekar, Yash"]
[Black "Wang, Paul"]
[Result "1-0"]
[WhiteElo "1153"]
[BlackElo "1246"]
[PlyCount "125"]
[EventDate "2017.??.??"]
[SourceDate "2017.09.01"]
[TimeControl "90+30"]

1. e4 e5 2. Nf3 Nc6 3. Bb5 a6 4. Bxc6 dxc6 5. O-O Bd6 6. d4 exd4 7. Nxd4 Nf6 8.
e5 c5 9. Nf3 Bg4 10. exd6 cxd6 11. h3 Bh5 12. Bg5 h6 13. Bh4 g5 14. Bg3 g4 15.
Re1+ Kf8 16. Bxd6+ Kg7 17. hxg4 Bxg4 18. Re3 Rc8 (18... Rb8) 19. Nc3 Qb6 20.
Ne4 Rcd8 21. Rb3 Qc6 22. Ne5 Qxe4 23. f3 Qd4+ 24. Qxd4 cxd4 25. Be7 Be6 26.
Bxd8 Bxb3 27. Bxf6+ Kxf6 28. Ng4+ Kg5 29. axb3 Rc8 30. Ra5+ Kg6 31. Ne5+ Kg7
32. Rd5 Rxc2 33. Rxd4 Rxb2 34. b4 b5 35. Nd3 Rd2 36. Rg4+ Kf6 37. Nc5 Ra2 38.
Rf4+ Kg5 39. Rxf7 Kh4 40. Ra7 Kg3 41. Rxa6 Rb2 42. Ne4+ Kf4 43. Rxh6 Rxb4 44.
Nc3 Rb3 45. Rh4+ Kg5 46. Rg4+ Kf5 47. Ne2 Rb1+ 48. Kf2 b4 49. Nd4+ Kf6 50. Ke2
Rc1 51. Nb3 Rc2+ 52. Kf1 Rb2 53. Rxb4 Kf5 54. Nd4+ Kf4 55. Rxb2 Kg3 56. Rb6 Kf4
57. g4 Kg5 58. f4+ Kxg4 59. f5 Kf4 60. f6 Kg4 61. f7 Kh5 62. f8=Q Kg4 63. Rg6+
1-0

[Event "2017 Edmonton International Qualifier"]
[Site "?"]
[Date "2017.04.29"]
[Round "2"]
[White "Kalisvaart, Peter"]
[Black "Wei, Daniel"]
[Result "1-0"]
[WhiteElo "2076"]
[BlackElo "1721"]
[PlyCount "45"]
[SourceDate "2017.09.01"]

1. d4 d5 2. c4 c6 3. Nc3 Nf6 4. Nf3 dxc4 5. a4 Bf5 6. e3 h6 7. Bxc4 e6 8. O-O
Nbd7 9. Qe2 Bg6 10. e4 Bb4 11. d5 e5 12. dxc6 bxc6 13. Nh4 Bh5 14. f3 Nb6 15.
Nf5 O-O 16. Rd1 Qc8 17. a5 Nxc4 18. Qxc4 Rb8 19. Ra4 Qb7 (19... Bxc3 20. Ne7+)
20. a6 Qb6+ 21. Be3 c5 22. Na2 Qc6 23. Ne7+ 1-0

[Event "2017 Red Deer Open"]
[Site "?"]
[Date "2017.05.14"]
[Round "4"]
[White "Chandra, Anand Rishi"]
[Black "White, Chris"]
[Result "0-1"]
[WhiteElo "1747"]
[BlackElo "1710"]
[PlyCount "49"]
[SourceDate "2017.09.01"]

1. e4 e6 2. d4 d5 3. Nd2 dxe4 4. Nxe4 Nd7 5. Nf3 Ngf6 6. Nxf6+ Nxf6 7. c3 Be7
8. Bd3 O-O 9. O-O b6 10. Qc2 Bb7 11. Ne1 Qd5 12. f3 c5 13. Be3 Qh5 14. Be2 Nd5
15. Bc1 cxd4 16. cxd4 Rac8 17. Qd1 Rc7 18. f4 Qg6 19. Bh5 Qf6 20. Rf3 Bb4 21.
Rg3 Bxe1 22. Qxe1 Qxd4+ 23. Kh1 Nxf4 24. Be3 Qf6 (24... Nxg2 25. Bxd4 Nxe1+ 26.
Kg1) 25. Qb4 0-1

[Event "2017JohnSchleinich"]
[Site "Calgary"]
[Date "2017.??.??"]
[Round "3.6"]
[White "Daniluk, Jim"]
[Black "Willis, Brad"]
[Result "0-1"]
[WhiteElo "1995"]
[BlackElo "1961"]
[PlyCount "86"]
[EventDate "2017.??.??"]
[SourceDate "2017.09.01"]

1. d4 f5 2. Nc3 d5 3. e4 dxe4 4. Bc4 Nf6 5. Nh3 e6 6. Nf4 Qe7 7. d5 e5 8. Bb5+
Kf7 9. Nh3 h6 10. Bc4 Qc5 11. Qe2 a6 12. Be3 Qa5 13. Bd2 Qc5 14. b4 Qd6 15. O-O
g5 16. Kh1 Kg7 17. Rad1 Qd8 18. Nb1 Bd6 19. Bb3 Qe7 20. a3 Nbd7 21. c4 b6 22.
Bc3 Nf8 23. Qb2 Ng6 24. Rfe1 Bd7 25. Nd2 Rae8 26. Nf1 f4 27. Ng1 Bf5 28. f3 e3
29. Bc2 Bxc2 30. Qxc2 e4 31. Bd4 Be5 32. fxe4 Bxd4 33. Rxd4 Nxe4 (33... Ne5 34.
h3) 34. h3 Qe5 35. Nf3 Qe7 36. Qb2 Kf7 37. d6 cxd6 38. Qb3 Kf8 39. Rd5 Qf6 40.
Nd4 Re5 41. Nf3 Rxd5 42. cxd5 Nh4 43. Nd4 Qxd4 0-1

[Event "2017 Edmonton International Qualifier"]
[Site "?"]
[Date "2017.04.29"]
[Round "1"]
[White "Guevarra, Alvin"]
[Black "Windram, James"]
[Result "1-0"]
[WhiteElo "1917"]
[BlackElo "1359"]
[PlyCount "101"]
[SourceDate "2017.09.01"]

1. d4 d5 2. Nf3 Bf5 3. c4 dxc4 4. Nc3 Nf6 5. e3 Nbd7 6. Bxc4 e6 7. O-O Be7 8.
h3 O-O 9. Nh4 Be4 10. Nxe4 Nxe4 11. Nf3 Ndf6 12. Qb3 Rb8 13. Rd1 c6 14. a4 Kh8
15. Ne5 Nd6 16. Be2 Qc7 17. Bd2 Rbd8 18. Rac1 Nd5 19. Bf3 Qb6 20. Qc2 Bf6 21.
a5 Qc7 22. Nc4 Nxc4 23. Qxc4 Ne7 24. b4 Qd6 25. b5 Rc8 26. Bb4 Qc7 27. d5 exd5
28. Bxd5 Rcd8 29. Bxf7 Rxd1+ 30. Rxd1 h6 31. Be6 Rd8 32. Rc1 Ng6 33. Qe4 Ne5
34. Bb3 g5 35. Qf5 Qg7 36. bxc6 Nxc6 37. Be1 Ne5 38. Rc8 Rxc8 39. Qxc8+ Kh7 40.
f4 Ng6 41. Bc2 gxf4 42. exf4 Bd4+ 43. Kh1 Qe7 44. Bc3 Bxc3 45. Qxc3 Qf7 46. f5
Nf8 47. Bb3 Qd7 48. h4 Qg7 49. f6 Qd7 (49... Qh8 50. Qd3+ Ng6) 50. Qg3 Ng6 51.
h5 1-0

[Event "2017 Alberta Youth"]
[Site "?"]
[Date "2017.02.26"]
[Round "3"]
[White "Ivanescu, Mark"]
[Black "Zhao, Ian"]
[Result "1/2-1/2"]
[WhiteElo "1709"]
[BlackElo "1836"]
[PlyCount "56"]
[SourceDate "2017.09.01"]

1. d4 Nf6 2. Nf3 g6 3. Bf4 Bg7 4. e3 d6 5. Bd3 O-O 6. Nbd2 c5 7. c3 b6 8. Qc2
Bb7 9. O-O Nbd7 10. Rfe1 Re8 11. Bc4 e5 12. dxe5 dxe5 13. Bg3 h6 $4 {Both
sides must have missed the pin on the f-pawn, because this game would be lost
after 14. Qxg6} 14. e4 a6 15. a4 Qe7 16. Qb3 Bc6 17. Nxe5 Nxe5 18. Bxe5 Qb7 {
White wins a pawn. If 18. ...Qxe5, things get complicated, with the computer
eventually settling on a 0.0 score.} (18... Qxe5 19. Bxf7+ Kh7 20. Bxe8 Qxe8
21. Qxb6 Rb8) 19. Bxf6 Bxf6 20. Bd5 Rad8 21. Bxc6 (21. c4 {Positionally better.
This wedges the light squared bishop into the d5 outpost, where it can't be
removed without giving white a passed pawn.}) 21... Qxc6 22. Qc2 Re6 23. Rad1
Qc7 24. Nc4 Rde8 25. f3 Qf4 26. Qd2 Qxd2 27. Rxd2 Bg5 28. Rd7 f5 {And white
agrees to a draw. It looks as though black is winning his pawn back, but the
computer evaulates this position at nearly +3 with the following:} (28... f5
29. Rb7 fxe4 30. Rxb6 e3 31. Rxe6 Rxe6 {The e-pawn eventually falls, leaving
white up two pawns with little counterplay from black.}) 1/2-1/2

[Event "217MOK"]
[Site "Calgary"]
[Date "2017.??.??"]
[Round "5.3"]
[White "Kobalenko, Jerry"]
[Black "Zhao, Ian"]
[Result "1-0"]
[WhiteElo "2211"]
[BlackElo "1859"]
[PlyCount "65"]
[EventDate "2017.??.??"]
[SourceDate "2017.09.01"]
[TimeControl "90"]

1. Nf3 Nf6 2. g3 g6 3. Bg2 Bg7 4. c4 O-O 5. O-O d6 6. d4 c5 7. Nc3 Bg4 8. h3
Bxf3 9. Bxf3 Qb6 10. dxc5 dxc5 11. Be3 Nbd7 12. b3 Rfd8 13. Qc2 Rac8 14. Rad1
e6 15. Bg2 a6 16. g4 Qc7 17. f4 b6 18. f5 gxf5 19. gxf5 e5 20. Bg5 Re8 21. Nd5
Nxd5 22. Bxd5 Nf6 23. e4 b5 24. Qg2 Kh8 25. Kh1 h6 26. Bh4 Rg8 27. Rg1 Kh7 28.
Qf3 Rcf8 29. Rxg7+ Kxg7 30. Rg1+ Kh7 31. Bxf6 Rxg1+ 32. Kxg1 Rg8+ 33. Kh2 1-0

[Event "2017MOK"]
[Site "Calgary"]
[Date "2017.??.??"]
[Round "3.4"]
[White "Ebrahim-Shirazi, Behrooz"]
[Black "Zhao, Ian"]
[Result "1-0"]
[WhiteElo "2081"]
[BlackElo "1859"]
[PlyCount "140"]
[EventDate "2017.??.??"]
[SourceDate "2017.09.01"]
[TimeControl "90+30"]

1. d4 Nf6 2. c4 g6 3. Nc3 Bg7 4. e4 d6 5. Be2 O-O 6. Bg5 h6 7. Be3 a6 8. Qd2
Kh7 9. h4 Ng4 10. Bxg4 Bxg4 11. h5 g5 12. f3 Bd7 13. Nge2 Nc6 14. O-O e5 15. d5
Ne7 16. g4 Qe8 17. Ng3 b5 18. c5 dxc5 19. Bxc5 Nc8 20. Rac1 Nd6 21. b3 Bf6 22.
Nd1 Be7 23. Qc3 f6 24. Bb4 Rc8 25. Ne3 Rf7 26. Rfd1 Qf8 27. a3 Kh8 28. Qd2 Kh7
29. Rc2 Nb7 30. Rdc1 Bxb4 31. Qxb4 Qd8 32. Ngf5 Be8 33. Kg2 Bd7 34. a4 a5 35.
Qa3 b4 36. Qb2 Be8 37. Rd2 Nd6 38. Rc5 Nb7 39. Rcc2 Nd6 40. Qc1 Bd7 41. Nxd6
cxd6 42. Rxc8 Bxc8 43. Rc2 Ba6 44. Nf5 Rd7 45. Kg3 Bb7 46. Qg1 Ba8 47. Qf1 Bb7
48. Qb5 Bc8 49. Qb8 Ba6 50. Qxd8 Rxd8 51. Rc7+ Kh8 52. Kf2 Bc8 53. Nxd6 Rxd6
54. Rxc8+ Kg7 55. Rc5 Ra6 56. Ke2 Kf7 57. Kd3 Ke7 58. Kc4 Kd7 59. Kb5 Ra7 60.
Rc6 Ke7 61. Kb6 Ra8 62. Kb7 Rd8 63. Rc5 Kd6 64. Rc6+ Ke7 65. Re6+ Kf7 66. Kc7
Rg8 67. Rb6 Ke7 68. Rb8 Rg6 69. Rh8 Kf7 70. d6 Ke6 1-0

[Event "2017 Alberta Youth"]
[Site "?"]
[Date "2017.02.25"]
[Round "1"]
[White "Shi, Diwen"]
[Black "Zita, Matthew"]
[Result "1-0"]
[WhiteElo "2277"]
[BlackElo "1719"]
[PlyCount "53"]
[EventDate "2017.04.24"]
[SourceDate "2017.09.01"]

1. e4 c5 2. Nf3 d6 3. d4 cxd4 4. Nxd4 Nf6 5. Nc3 g6 6. Be3 Bg7 7. f3 O-O 8. Qd2
Nc6 9. O-O-O Bd7 10. g4 Rc8 11. h4 Ne5 12. Be2 a6 $2 {The first new move in an
otherwise familiar position. 12. ...Nc4 would win the bishop pair at the cost
of allowing white to further his pawn storm on the kingside, while 12. ...h5,
which scores quite well for black, would attempt to shut down white's attack.}
13. h5 Nc4 14. Bxc4 Rxc4 {Black gets the bishop pair, but too late.} 15. Kb1 b5
16. Nb3 (16. e5 $1 dxe5 17. Nb3 Rc8 18. g5 {and black can't hold on to both
knight and bishop. Attempting it with 17. ...Rb7 loses even more material
after 18. Bb6}) 16... a5 17. Bh6 Bxh6 18. Qxh6 {Threatening to open the h-file,
followed by Nd5 or g5 and a black must lose a knight to avoid checkmate.} Rxc3
19. bxc3 Qc7 20. Qd2 $2 (20. hxg6 {Winning.} fxg6 21. g5 Nh5 22. Rxh5 $1 {
If black recaptures, the King chase is on, with the white Queen capturing
pawns with check and the rook on d1 sliding over to assist in an eventual mate.
} gxh5 23. g6 hxg6 24. Qxg6+ Kh8 25. Qxh5+ Kg7 26. Rg1+ Kf6 27. Rg6+ Kf7 28.
Rh6+ Kg8 29. Qg6# {The actual move, 20. Qd2, allows black to cling to life.})
20... Be6 {Logical was a4, continuing the queenside pawn storm.} 21. Nd4 Bc4
22. Ka1 e6 23. Qg5 Nd7 $2 24. Qe7 {An uncomfotable pin for black} e5 25. hxg6
hxg6 {Allowing mate in 3} 26. Qh4 Kg7 27. Nf5+ {Black resigns with mate on the
next move regardless} 1-0